| 000 | 01464cam a2200421 a 4500 | ||
|---|---|---|---|
| 001 | 14954317 | ||
| 003 | OSt | ||
| 005 | 20260430141153.0 | ||
| 008 | 070806s2008 nyua b 000 0 eng | ||
| 010 | _a 2007031396 | ||
| 020 |
_a9780195337167 _qpbk. : alk. paper |
||
| 035 | _a14954317 | ||
| 040 |
_aDLC _cDLC _dDLC |
||
| 050 | 0 | 0 |
_aHQ1075 _b.G4672 2008 |
| 082 | 0 | 0 |
_a305.3 GEN _222 |
| 245 | 0 | 4 |
_aThe gendered society reader / _cedited by Michael S. Kimmel, Amy Aronson. |
| 250 | _a3rd ed. | ||
| 260 |
_aNew York : _bOxford University Press, _c2008. |
||
| 300 |
_aix, 606 p. : _bill. ; _c24 cm. |
||
| 336 |
_atext _btxt _2rdacontent |
||
| 337 |
_aunmediated _bn _2rdamedia |
||
| 338 |
_avolume _bnc _2rdacarrier |
||
| 500 | _aComplements the text: The gendered society. | ||
| 504 | _aIncludes bibliographical references. | ||
| 650 | 0 | _aSex role. | |
| 650 | 0 | _aSex differences (Psychology) | |
| 650 | 0 | _aGender identity. | |
| 650 | 0 | _aSex discrimination. | |
| 650 | 0 | _aEquality. | |
| 700 | 1 | _aKimmel, Michael S. | |
| 700 | 1 | _aAronson, Amy. | |
| 700 | 1 |
_aKimmel, Michael S. _tGendered society. |
|
| 856 | 4 | 1 |
_3Table of contents only _uhttp://www.loc.gov/catdir/toc/ecip0724/2007031396.html |
| 906 |
_a7 _bcbc _corignew _d1 _eecip _f20 _gy-gencatlg |
||
| 942 |
_2ddc _cBOOKS |
||
| 999 |
_c9464 _d9464 |
||